000 00635nam a2200217Ia 4500
003 GCL
008 140319s9999 xx 000 0 ara d
040 _aGCL /
_cGCL
082 0 4 _a792.015
_bن ا
100 1 _aنهاد صليحة
245 1 0 _aاضواء على المسرح الانجليزى /
_cنهاد صليحة
260 _a[S.N] :
_bالهيئة المصرية العامة للكتاب ،
_c1990
300 _a239 ص
490 _a
650 0 4 _aتاريخ
650 0 4 _aالتمثيل
650 0 4 _aالمسرح
650 0 4 _aالانجليزى والعربى
650 0 4 _aالانجليزى
942 _2ddc
_cBK
999 _c32569
_d32569